| 000 | 01437nab a22002297a 4500 | ||
|---|---|---|---|
| 999 |
_c6470 _d6470 |
||
| 003 | OSt | ||
| 005 | 20260209124119.0 | ||
| 008 | 190506c xxu||||| |||| 00| 0 spa d | ||
| 040 | _cPJ | ||
| 100 |
_95719 _aFavier, Mariano |
||
| 245 | 1 | 0 |
_aReparación de los daños provocados al trabajador por la omisión de registro laboral con base en el instituto del enriquecimiento sin causa del art. 1794 del Cód. Civ. y Com. / _cMariano Favier. |
| 260 |
_aBuenos Aires : _bAbeledoPerrot, _c2025. |
||
| 300 | _ap. 17-25 | ||
| 500 | _aCita: TR LALEY AR/DOC/232/2025. | ||
| 505 | _aSumario: I. Introducción.— II. De falacias y equívocos: de la "industria del juicio laboral" a las mal llamadas "multas legislativas".— III. Responsabilidad por incumplimientos contractuales y derecho de daños en el ámbito laboral.— IV. Resarcimiento de los daños provocados por incumplimiento contractual de registro e ingreso de aportes del empleador con base en el enriquecimiento sin causa del art. 1794 Cód. Civ. y Com.— V. El problema de la prescripción.— VI. Conclusiones. | ||
| 505 | _t¿Te interesa el texto completo? Comunicate al correo: koha@justierradelfuego.gov.ar | ||
| 650 | 0 |
_91316 _aDERECHO LABORAL |
|
| 650 | 0 |
_9289 _aCONTRATO DE TRABAJO |
|
| 650 | 0 | _aREGISTRACION LABORAL | |
| 773 | 0 |
_02751 _93202 _dBuenos Aires : AbeledoPerrot, 2013- _tRevista de derecho laboral y seguridad social. Nº 6 - Marzo 2025 |
|
| 942 |
_2udc _cANA |
||